| 000 | 00483 a2200193 4500 | ||
|---|---|---|---|
| 003 | Nust | ||
| 005 | 20170207171855.0 | ||
| 020 | _a81-203-0417-9 | ||
| 040 | _cNust | ||
| 082 | 0 | 4 | _a621.381 |
| 100 | 1 | _aMano, M. Morris | |
| 245 | 0 | 0 |
_aDigital logic and computer design (E-BOOK) _cM. Morris Mano |
| 250 | _aTwenty-ninth Indian reprint | ||
| 260 |
_aNew Delhi, _c2002 |
||
| 300 |
_a612 s. : _bill., tab. |
||
| 650 | 7 | _aDigital electronics | |
| 650 | 7 | _aDigitalteknik | |
| 651 | _aE-Book | ||
| 942 |
_2ddc _cBK |
||
| 999 |
_c219358 _d219358 |
||